LEADER 03218nam 22006254a 450 001 9910777833003321 005 20230828200913.0 010 $a1-281-73153-6 010 $a9786611731533 010 $a0-300-13336-7 024 7 $a10.12987/9780300133363 035 $a(CKB)1000000000472109 035 $a(EBL)3419846 035 $a(SSID)ssj0000201046 035 $a(PQKBManifestationID)11220508 035 $a(PQKBTitleCode)TC0000201046 035 $a(PQKBWorkID)10231396 035 $a(PQKB)10972119 035 $a(StDuBDS)EDZ0000158294 035 $a(MiAaPQ)EBC3419846 035 $a(DE-B1597)484938 035 $a(OCoLC)1024032781 035 $a(DE-B1597)9780300133363 035 $a(Au-PeEL)EBL3419846 035 $a(CaPaEBR)ebr10167894 035 $a(CaONFJC)MIL173153 035 $a(OCoLC)923587620 035 $a(EXLCZ)991000000000472109 100 $a20050930d2006 uy 0 101 0 $aeng 135 $aurun#---|u||u 181 $ctxt 182 $cc 183 $acr 200 14$aThe memoirs of Ernest A. Forssgren, Proust's Swedish valet$b[electronic resource] /$fedited and annotated by William C. Carter 210 $aNew Haven $cYale University Press$dc2006 215 $a1 online resource (183 p.) 300 $aDescription based upon print version of record. 311 0 $a0-300-11463-X 320 $aIncludes bibliographical references and index. 327 $tFront matter --$tContents --$tPreface --$tAcknowledgments --$tAbbreviations of Titles of Proust's Works --$tErnest Forssgren --$tThe Job Applicant --$tIntroduction to Forssgren's Memoirs and Related Documents --$tThe Mysterious Visit --$tAfterword --$tForssgren's "Summary" of Painter --$tForssgren's Marginalia --$tIndex 330 $aThe memoirs of Ernest Forssgren (1894-1970), the young Swede who served as Marcel Proust's last valet, provide new insights into Proust's life and death. Previously, Forssgren's memoir has been published only in excerpts, in French, with serious omissions and alterations. This book presents the complete text of the memoir, with an introduction and helpful annotations by the distinguished Proust scholar William C. Carter. Also included here is other new material: the inscriptions that Proust wrote for Forssgren's copy of Swann's Way; an important telegram that Proust sent Forssgren, which defines with greater precision the novelist's activities in the final months of his life; Forssgren's "Summary" of the first English biography of Proust, by George D. Painter, which provides many new details about Proust's last trip to Cabourg in 1914 and his attempts at seducing young men of the servant class; and the notes that Forssgren made in his copy of Painter's biography. 606 $aBIOGRAPHY & AUTOBIOGRAPHY / General$2bisacsh 615 7$aBIOGRAPHY & AUTOBIOGRAPHY / General. 676 $a843/.912 676 $aB 700 $aForssgren$b Ernest A.$f1894-1970.$01573140 701 $aCarter$b William C$0200155 801 0$bMiAaPQ 801 1$bMiAaPQ 801 2$bMiAaPQ 906 $aBOOK 912 $a9910777833003321 996 $aThe memoirs of Ernest A. Forssgren, Proust's Swedish valet$93848712 997 $aUNINA LEADER 01239nam0 22003011i 450 001 UON00081551 005 20231205102430.534 010 $a05-214-9565-2 100 $a20020107d1997 |0itac50 ba 101 $aeng 102 $aGB 105 $a|||| ||||| 200 1 $aSyntax$estructure, meaning and function$fRobert D. Van Valin Jr., Randy J. Lapolla 210 $aCambridge$cCambridge University$d1997 215 $axxviii, 713 p.$d24 cm 410 1$1001UON00067468$12001 $aCambridge textbooks in linguistics$fGeneral Editors: S. R. Anderson$bet al] 606 $aSintassi$xStudi$3UONC018241$2FI 620 $dCambridge$3UONL000022 676 $a401.41$cLinguaggio. Semiotica$v21 700 1$aVALIN$bRobert D. : van$cJunior$3UONV053714$0165461 701 1$aLAPOLLA$bRandy J.$3UONV053715$0165462 712 $aCambridge University Press$3UONV245943$4650 801 $aIT$bSOL$c20260410$gRICA 899 $aSIBA - SISTEMA BIBLIOTECARIO DI ATENEO E ARCHIVIO STORICO$2UONSI 912 $aUON00081551 950 $aSIBA - SISTEMA BIBLIOTECARIO DI ATENEO E ARCHIVIO STORICO$dSI II 070 $eSI AA 21581 5 070 996 $aSyntax$9483847 997 $aUNIOR